Word Ladder: Wild Animals Quiz Stats

Quiz Updated Oct 16, 2014

Challenge
Share
Tweet
Embed
Score 0/18 Timer 03:00
0 Plays Today
Clue 4-Letter Word % Correct
King of the JungleLION
98.7%
Worm's place on a fishing lineHOOK
95.2%
What a card player is dealtHAND
94.3%
Brown, black, or polarBEAR
93%
Take a ganderLOOK
92.9%
Arrive at the airportLAND
92.7%
Goose soundHONK
92.5%
Cooking fatLARD
92.1%
Sneak a lookPEEK
91.8%
Clue 4-Letter Word % Correct
Place to strollPARK
91.4%
Tall one or cold oneBEER
90.5%
Bird on a Canadian dollarLOON
89.9%
Baseball's Hammerin' ___HANK
89.1%
Meadow birdLARK
89%
Kind of chopPORK
87.3%
Jury memberPEER
86.8%
Chicken bitePECK
86.4%
Small indentationPOCK
77.2%

Today's Daily Dose

You're not logged in!

Compare scores with friends on all Sporcle quizzes.
Sign Up with Email
OR
Log In

You Might Also Like...

Show Comments

Extras

Top Quizzes Today


Score Distribution

Your Account Isn't Verified!

In order to create a playlist on Sporcle, you need to verify the email address you used during registration. Go to your Sporcle Settings to finish the process.